[Event "Scarborough CC ch Reserves op"]
[Site "Toronto CAN"]
[Date "2010.04.08"]
[Round "7"]
[White "Ugodnikov, Arkadiy"]
[Black "Paterson, Jim"]
[Result "1/2-1/2"]
[WhiteElo "1785"]
[BlackElo "1905"]
[PlyCount "132"]
[EventDate "2010.02.25"]
[EventType "swiss"]
[EventRounds "9"]
[EventCountry "CAN"]

1. e4 d5 2. exd5 Qxd5 3. Nc3 Qa5 4. d4 Nf6 5. Qd3 c6 6. Nf3 Bf5 7. Qd2 Nbd7 8.
Bd3 Bxd3 9. Qxd3 e6 10. O-O Be7 11. Bd2 Qc7 12. Rfe1 O-O 13. Ne4 Nxe4 14. Qxe4
Nf6 15. Qe2 a5 16. c3 Bd6 17. h3 Bf4 18. Bxf4 Qxf4 19. Ne5 Rad8 20. Rad1 Nd7
21. Nd3 Qd6 22. f4 Nf6 23. Qf3 Qd5 24. Qe3 Qxa2 25. Rf1 Qd5 26. Rde1 b6 27. Ne5
c5 28. Nf3 c4 29. Ne5 b5 30. Ng4 b4 31. Nxf6+ gxf6 32. Qg3+ Kh8 33. f5 Rg8 34.
Qf2 exf5 35. Re2 Rg5 36. Qf4 Qd6 37. Qxd6 Rxd6 38. Re7 bxc3 39. bxc3 Re6 40.
Rc7 Re2 41. Rf2 Re3 42. Rxc4 Rxh3 43. Rc5 Rd3 44. Rfxf5 Rxf5 45. Rxf5 Rxc3 46.
Rxa5 Rd3 47. Rd5 Kg7 48. Kf2 Rd2+ 49. Kf3 Kg6 50. g4 Rd1 51. Kg3 Rf1 52. Rd6 h5
53. gxh5+ Kxh5 54. Rd7 Kg6 55. Rd6 Kg5 56. Rd7 Rd1 57. Kf3 Rf1+ 58. Ke4 f5+ 59.
Ke5 Re1+ 60. Kd5 Kf6 61. Rd8 Ke7 62. Rh8 Re6 63. Rh5 Rf6 64. Ke5 f4 65. Rh2 f3
66. Rf2 Re6+ 1/2-1/2

[Event "Scarborough CC ch Reserves op"]
[Site "Toronto CAN"]
[Date "2010.04.08"]
[Round "7"]
[White "Yie, Kevin"]
[Black "Aghamalian, Leonid"]
[Result "1/2-1/2"]
[WhiteElo "1176"]
[BlackElo "1607"]
[PlyCount "89"]
[EventDate "2010.02.25"]
[EventType "swiss"]
[EventRounds "9"]
[EventCountry "CAN"]

1. e4 e5 2. Nf3 Nc6 3. Bc4 Bc5 4. O-O Nf6 5. d3 O-O 6. Bg5 d6 7. h3 Nd4 8. Nc3
Be6 9. Bxe6 Nxe6 10. Bh4 c6 11. a3 Nf4 12. Ne2 Ng6 13. Bg3 Nh5 14. Bh2 f5 15.
exf5 Rxf5 16. Ng3 Nxg3 17. Bxg3 Qe7 18. Re1 Qd7 19. d4 exd4 20. Nxd4 Rd5 21. c3
Bxd4 22. cxd4 Kh8 23. Qa4 b5 24. Qb4 a5 25. Qc3 c5 26. Qf3 Qf5 27. Qxf5 Rxf5
28. dxc5 dxc5 29. b4 c4 30. bxa5 Rxa5 31. Re8+ Rf8 32. Rxf8+ Nxf8 33. Bd6 Kg8
34. Bb4 Ra8 35. Rd1 Rc8 36. Rc1 Nd7 37. Kf1 Nb6 38. Ke1 Nd5 39. Bc3 Nf4 40. Kf1
Nd5 41. g3 Nxc3 42. Rxc3 Kf7 43. Ke2 Ke6 44. Kd2 Kd5 45. f3 1/2-1/2

[Event "Scarborough CC ch Reserves op"]
[Site "Toronto CAN"]
[Date "2010.04.08"]
[Round "7"]
[White "Zhou, Kevin"]
[Black "Ward, Dean"]
[Result "1/2-1/2"]
[WhiteElo "1919"]
[BlackElo "1806"]
[PlyCount "53"]
[EventDate "2010.02.25"]
[EventType "swiss"]
[EventRounds "9"]
[EventCountry "CAN"]

1. e4 c5 2. Nf3 d6 3. d4 cxd4 4. Nxd4 Nf6 5. Nc3 g6 6. Be2 Bg7 7. Be3 O-O 8.
O-O a6 9. a4 e6 10. Nb3 Nc6 11. Qd2 Qe7 12. Bb6 Nd7 13. Bc7 Bxc3 14. bxc3 d5
15. exd5 exd5 16. Bf3 Nf6 17. Bb6 Ne4 18. Qxd5 Nxc3 19. Qc4 Qf6 20. Bxc6 Qxc6
21. Qxc6 bxc6 22. Rfe1 Nd5 23. Bc5 Rd8 24. Rad1 Bd7 25. c4 Nc3 26. Ra1 Re8 27.
a5 1/2-1/2

[Event "Scarborough CC ch Reserves op"]
[Site "Toronto CAN"]
[Date "2010.04.15"]
[Round "8"]
[White "Armstrong, Robert J"]
[Black "Maister, Martin"]
[Result "0-1"]
[WhiteElo "1712"]
[BlackElo "1875"]
[PlyCount "90"]
[EventDate "2010.02.25"]
[EventType "swiss"]
[EventRounds "9"]
[EventCountry "CAN"]

1. d4 Nf6 2. c4 c5 3. d5 b5 4. cxb5 a6 5. Nc3 axb5 6. Nxb5 Ba6 7. Nc3 g6 8. g3
Bg7 9. Bg2 d6 10. Nf3 O-O 11. O-O Nbd7 12. Re1 Qb6 13. e4 Ng4 14. h3 Nge5 15.
Nxe5 Nxe5 16. Kh2 Nd3 17. Re2 Nxc1 18. Rxc1 Bxe2 19. Qxe2 c4 20. f4 Rfb8 21.
Rc2 Bxc3 22. bxc3 Qc5 23. e5 Ra3 24. exd6 exd6 25. f5 Kg7 26. fxg6 hxg6 27. Qe7
Rba8 28. Qe2 R8a4 29. g4 Qa7 30. Qe4 Rxa2 31. Rxa2 Rxa2 32. Qxc4 Qf2 33. Qe4
Re2 34. Qd4+ Qxd4 35. cxd4 g5 36. Kg3 Rd2 37. Bf3 Rxd4 38. h4 gxh4+ 39. Kxh4
Kh6 40. Kh3 Rd3 41. Kg3 Kg5 42. Kf2 Kf4 43. Be2 Rd4 44. Bf3 f6 45. Be2 Rxd5 0-1

[Event "Scarborough CC ch Reserves op"]
[Site "Toronto CAN"]
[Date "2010.04.15"]
[Round "8"]
[White "Bao, Stephen"]
[Black "Luiting, Larry"]
[Result "1-0"]
[WhiteElo "1619"]
[BlackElo "1702"]
[PlyCount "60"]
[EventDate "2010.02.25"]
[EventType "swiss"]
[EventRounds "9"]
[EventCountry "CAN"]

1. e4 d5 2. exd5 c6 3. dxc6 Nxc6 4. Nf3 e5 5. Bb5 e4 6. Qe2 Nf6 7. Ne5 Qd5 8.
Nxc6 bxc6 9. Nc3 Qe6 10. Bc4 Qe5 11. d3 Bb4 12. Bd2 O-O 13. h3 Re8 14. O-O-O
Bf5 15. Rde1 Rab8 16. Bb3 a5 17. f3 Nd5 18. fxe4 Nxc3 19. bxc3 Bxc3 20. Bxc3
Qxc3 21. Rhf1 Bg6 22. Qf2 Re7 23. Qf4 Reb7 24. e5 Bxd3 25. e6 f5 26. Qxb8+ Rxb8
27. e7+ Bc4 28. e8=Q+ Rxe8 29. Rxe8+ Kf7 30. Rfe1 Bd5 1-0

[Event "Scarborough CC ch Reserves op"]
[Site "Toronto CAN"]
[Date "2010.04.15"]
[Round "8"]
[White "Conte, Mike"]
[Black "Bzikot, Robert"]
[Result "0-1"]
[WhiteElo "1823"]
[BlackElo "1928"]
[PlyCount "72"]
[EventDate "2010.02.25"]
[EventType "swiss"]
[EventRounds "9"]
[EventCountry "CAN"]

1. e4 d6 2. d4 Nf6 3. Nc3 g6 4. Bg5 Bg7 5. Be2 c6 6. Qd2 h6 7. Be3 Ng4 8. f4
Nxe3 9. Qxe3 Qb6 10. O-O-O e5 11. fxe5 dxe5 12. Nf3 Nd7 13. Bc4 O-O 14. Rhf1
exd4 15. Nxd4 Ne5 16. Bb3 Qc7 17. Qg3 Qe7 18. Nf3 Kh7 19. h3 a5 20. Nxe5 Bxe5
21. Qf3 Kg7 22. Ne2 b5 23. c3 a4 24. Bc2 Be6 25. Kb1 b4 26. Nd4 Bd7 27. Ne2
Rab8 28. Bxa4 Be6 29. b3 bxc3 30. Nxc3 Qb4 31. Kc2 c5 32. Nd5 Qa3 33. Nc3 c4
34. Rd5 Bxd5 35. exd5 cxb3+ 36. Bxb3 Rbc8 0-1

[Event "Scarborough CC ch Reserves op"]
[Site "Toronto CAN"]
[Date "2010.04.15"]
[Round "8"]
[White "Hahnewald, Uwe"]
[Black "Song, Michael"]
[Result "0-1"]
[WhiteElo "1935"]
[BlackElo "1858"]
[PlyCount "116"]
[EventDate "2010.02.25"]
[EventType "swiss"]
[EventRounds "9"]
[EventCountry "CAN"]

1. d4 d5 2. Nf3 Nf6 3. g3 c5 4. Bg2 e6 5. c4 Be7 6. O-O Nc6 7. cxd5 Nxd5 8.
dxc5 O-O 9. Qc2 Qa5 10. Nbd2 Qxc5 11. Qxc5 Bxc5 12. a3 a5 13. Ne4 Be7 14. Bd2
b6 15. Nc3 Bf6 16. Nxd5 exd5 17. Rac1 Bb7 18. Bc3 d4 19. Bd2 Ne7 20. Rfd1 Rac8
21. Bg5 Bxf3 22. Bxf6 Bxe2 23. Rxc8 Nxc8 24. Re1 d3 25. Bc3 Rd8 26. Bd2 Nd6 27.
b3 a4 28. Bd5 axb3 29. Bxb3 Ne4 30. Bb4 Nc5 31. Bd1 Re8 32. f4 h6 33. Kf2 Ne4+
34. Kg1 Nf6 35. h3 g5 36. fxg5 hxg5 37. Kg2 Nd5 38. Bd2 Bxd1 39. Rxd1 Ne3+ 40.
Bxe3 Rxe3 41. g4 Kh7 42. Rb1 d2 43. Rd1 Rd3 44. a4 Kg6 45. Kf1 f5 46. gxf5+
Kxf5 47. Ke2 Rxh3 48. Kxd2 Ra3 49. Rb1 Rxa4 50. Rxb6 Re4 51. Kd3 Re8 52. Rb1 g4
53. Rf1+ Kg5 54. Rg1 Kh4 55. Rh1+ Kg3 56. Rg1+ Kf3 57. Rf1+ Kg2 58. Kd2 Kxf1
0-1

[Event "Scarborough CC ch Reserves op"]
[Site "Toronto CAN"]
[Date "2010.04.15"]
[Round "8"]
[White "Kurkowski, Ken"]
[Black "Azmitia, Gabriel"]
[Result "1-0"]
[WhiteElo "1623"]
[BlackElo "1575"]
[PlyCount "72"]
[EventDate "2010.02.25"]
[EventType "swiss"]
[EventRounds "9"]
[EventCountry "CAN"]

1. d4 d5 2. c4 e6 3. Nf3 b6 4. g3 Nf6 5. Bg2 Bb7 6. O-O Bd6 7. Nc3 a6 8. b3
Nbd7 9. Bb2 O-O 10. Qc2 Ne4 11. Rad1 f5 12. Nxe4 fxe4 13. Ne5 Nf6 14. c5 bxc5
15. dxc5 Bxe5 16. Bxe5 Bc6 17. Qc3 Rf7 18. f3 exf3 19. exf3 Qd7 20. Rd4 Re8 21.
Rf4 Ref8 22. Re1 Qd8 23. Bh3 Bd7 24. Bxf6 Rxf6 25. Rxf6 Rxf6 26. Re5 Bc8 27.
Qd4 Qe8 28. f4 g6 29. Qxd5 Kf7 30. Qc4 Qd8 31. Qe2 Qd4+ 32. Qe3 Qa1+ 33. Qe1
Qd4+ 34. Qe3 Qd1+ 35. Qe1 Qd3 36. Re3 Qd4 1-0

[Event "Scarborough CC ch Reserves op"]
[Site "Toronto CAN"]
[Date "2010.04.15"]
[Round "8"]
[White "Manalo, Pepin"]
[Black "Fiedler, Brian"]
[Result "1/2-1/2"]
[WhiteElo "1838"]
[BlackElo "2161"]
[PlyCount "76"]
[EventDate "2010.02.25"]
[EventType "swiss"]
[EventRounds "9"]
[EventCountry "CAN"]

1. e4 c5 2. Nf3 d6 3. c4 Nc6 4. d4 cxd4 5. Nxd4 e5 6. Nb3 Nf6 7. Nc3 Be7 8. Be2
O-O 9. Be3 Be6 10. Rc1 Nd7 11. Qd2 a6 12. O-O g6 13. Nd5 Bxd5 14. cxd5 Ncb8 15.
f4 exf4 16. Bxf4 Ne5 17. Rc3 Nbd7 18. Rfc1 Nf6 19. Qd4 Re8 20. h3 Bf8 21. Bg5
h6 22. Bh4 Bg7 23. Nd2 g5 24. Bf2 Ng6 25. Qb4 Nxd5 26. Qxb7 Nxc3 27. bxc3 Re7
28. Qb3 Ne5 29. Qa3 Rb7 30. Nb3 Qc7 31. Nd4 Nc4 32. Bxc4 Qxc4 33. Qxd6 Rb2 34.
e5 Rd2 35. Be3 Rd3 36. Bf2 Re8 37. Re1 Qxc3 38. Qb6 Qc8 1/2-1/2

[Event "Scarborough CC ch Reserves op"]
[Site "Toronto CAN"]
[Date "2010.04.15"]
[Round "8"]
[White "Marcille, Gord"]
[Black "Graham, John"]
[Result "1-0"]
[WhiteElo "1778"]
[BlackElo "1447"]
[PlyCount "65"]
[EventDate "2010.02.25"]
[EventType "swiss"]
[EventRounds "9"]
[EventCountry "CAN"]

1. e4 c5 2. Nf3 a6 3. Nc3 Nc6 4. d4 e6 5. d5 exd5 6. exd5 Qe7+ 7. Be2 Ne5 8.
O-O Nf6 9. Nxe5 Qxe5 10. Bxa6 Qd4 11. Re1+ Kd8 12. Bb5 b6 13. Qf3 Bd6 14. Be3
Qg4 15. Qxg4 Nxg4 16. h3 Nf6 17. Bg5 Bb7 18. Rad1 Re8 19. Ne4 Be5 20. Bxf6+
gxf6 21. a4 f5 22. Ng5 f6 23. Nf7+ Kc7 24. d6+ Kc8 25. Nh6 Be4 26. c3 Re6 27.
Nf7 Bc2 28. Rd2 Bxa4 29. Bc4 Bxc3 30. Rxe6 Bxd2 31. Re8+ Kb7 32. Bd5+ Bc6 33.
Bxc6+ 1-0

[Event "Scarborough CC ch Reserves op"]
[Site "Toronto CAN"]
[Date "2010.04.15"]
[Round "8"]
[White "Moran-Venegas, Mario"]
[Black "Gillis, Doug"]
[Result "1-0"]
[WhiteElo "1735"]
[BlackElo "1611"]
[PlyCount "135"]
[EventDate "2010.02.25"]
[EventType "swiss"]
[EventRounds "9"]
[EventCountry "CAN"]

1. e4 e6 2. d4 d5 3. Nd2 dxe4 4. Nxe4 Qd5 5. Ng3 c5 6. Nf3 Nf6 7. Bb5+ Nc6 8.
c4 Qd6 9. O-O Bd7 10. Bg5 Be7 11. Bxf6 Bxf6 12. Ne4 Qe7 13. Nxf6+ Qxf6 14. d5
Nb8 15. dxe6 fxe6 16. Bxd7+ Nxd7 17. Qd6 Qe7 18. Rad1 Qxd6 19. Rxd6 Ke7 20.
Rfd1 Rhd8 21. Kf1 Nf6 22. Rxd8 Rxd8 23. Rxd8 Kxd8 24. Nd2 Kd7 25. Ke2 Kd6 26.
Ke3 Ke5 27. h3 h5 28. Nf3+ Kf5 29. Nh4+ Ke5 30. Ng6+ Kf5 31. Ne7+ Ke5 32. f4+
Kd6 33. Nc8+ Kc7 34. Nxa7 Nh7 35. Nb5+ Kc6 36. Nc3 g5 37. Ne4 gxf4+ 38. Kxf4 b5
39. cxb5+ Kxb5 40. Ke5 Nf8 41. g4 hxg4 42. hxg4 Ng6+ 43. Kxe6 Nf4+ 44. Kf5 Nd3
45. Nc3+ Kc4 46. Nd1 Kd4 47. g5 Ne5 48. g6 Nxg6 49. Kxg6 Kc4 50. a4 Kb4 51. Nc3
Ka5 52. Kf5 Kb4 53. Ke4 Ka5 54. Kd5 Kb4 55. Kc6 c4 56. Kd5 Ka5 57. Kxc4 Kb6 58.
b4 Ka6 59. Kc5 Kb7 60. Kd6 Kb6 61. Nd5+ Kb7 62. Kc5 Ka7 63. Kc6 Kb8 64. b5 Ka7
65. b6+ Kb8 66. Nf6 Kc8 67. b7+ Kb8 68. Nd7+ 1-0

[Event "Scarborough CC ch Reserves op"]
[Site "Toronto CAN"]
[Date "2010.04.15"]
[Round "8"]
[White "Morra, Lui"]
[Black "Bellissimo, Joseph"]
[Result "0-1"]
[WhiteElo "1660"]
[BlackElo "1726"]
[PlyCount "86"]
[EventDate "2010.02.25"]
[EventType "swiss"]
[EventRounds "9"]
[EventCountry "CAN"]

1. b3 e6 2. Bb2 d5 3. Nf3 c5 4. e3 Nc6 5. d4 cxd4 6. Nxd4 Nf6 7. a3 Nxd4 8.
Bxd4 Bd6 9. Bd3 O-O 10. O-O Bd7 11. Nd2 e5 12. Bb2 Qc7 13. h3 Rac8 14. c4 Be6
15. cxd5 Nxd5 16. Rc1 Qd7 17. Nc4 f6 18. Be4 Bc7 19. Qe2 Qf7 20. Rfd1 Rfd8 21.
Qe1 b5 22. Na5 Bxa5 23. Qxa5 Nb6 24. Qxb5 Bxb3 25. Rxd8+ Rxd8 26. Bc2 Bc4 27.
Qa5 Rd5 28. Qe1 Rb5 29. Bc3 Nd5 30. Rd1 g6 31. Ba1 Kg7 32. Ba4 Rb8 33. Qa5 Nb6
34. f4 Nxa4 35. Qxa4 Bb3 36. Qa6 Bxd1 37. fxe5 Kg8 38. Qd6 Rb1 39. Bd4 Ba4+ 40.
Kh2 Bd7 41. Qc7 Be8 42. Qd8 Rb7 43. exf6 Qc7+ 0-1

[Event "Scarborough CC ch Reserves op"]
[Site "Toronto CAN"]
[Date "2010.04.15"]
[Round "8"]
[White "Paterson, Jim"]
[Black "Corvo, Paul"]
[Result "1/2-1/2"]
[WhiteElo "1905"]
[BlackElo "1781"]
[PlyCount "50"]
[EventDate "2010.02.25"]
[EventType "swiss"]
[EventRounds "9"]
[EventCountry "CAN"]

1. e3 e5 2. c4 c5 3. Nc3 Nf6 4. Nf3 Nc6 5. d4 cxd4 6. exd4 exd4 7. Nxd4 d5 8.
Bg5 Be7 9. Nxc6 bxc6 10. cxd5 Nxd5 11. Bd2 O-O 12. Be2 Bf5 13. O-O Rb8 14. Nxd5
cxd5 15. Bc3 Bf6 16. Bxf6 Qxf6 17. Bf3 Rxb2 18. Qxd5 h6 19. Rfd1 Rc8 20. Qd4
Qxd4 21. Rxd4 Rcc2 22. Ra4 Be6 23. Rxa7 Rxa2 24. Ra8+ Rxa8 25. Rxa8+ Rc8
1/2-1/2

[Event "Scarborough CC ch Reserves op"]
[Site "Toronto CAN"]
[Date "2010.04.15"]
[Round "8"]
[White "Southam, David"]
[Black "Moysoski, Randy"]
[Result "0-1"]
[WhiteElo "2168"]
[BlackElo "1886"]
[PlyCount "66"]
[EventDate "2010.02.25"]
[EventType "swiss"]
[EventRounds "9"]
[EventCountry "CAN"]

1. d4 Nf6 2. Nf3 c5 3. d5 d6 4. c4 g6 5. Nc3 Bg7 6. e4 Ng4 7. h3 Ne5 8. Nxe5
Bxe5 9. Bh6 e6 10. Qd2 a6 11. Bd3 Rg8 12. Be3 exd5 13. exd5 f5 14. O-O Kf7 15.
Rae1 Qh4 16. f4 Bg7 17. Bf2 Qd8 18. Ne2 Nd7 19. b4 b6 20. Kh1 Nf6 21. Ng1 Bd7
22. Nf3 h6 23. Re2 Nh5 24. Rb1 Re8 25. Rxe8 Qxe8 26. bxc5 bxc5 27. Rb6 Bf8 28.
Kh2 a5 29. Rb7 Kg8 30. Bh4 Rb8 31. Ra7 a4 32. Ng1 Bg7 33. Ne2 Nf6 0-1

[Event "Scarborough CC ch Reserves op"]
[Site "Toronto CAN"]
[Date "2010.04.15"]
[Round "8"]
[White "Stein, Mickey"]
[Black "Lin, Tony (Juntao)"]
[Result "1-0"]
[WhiteElo "2038"]
[BlackElo "1734"]
[PlyCount "109"]
[EventDate "2010.02.25"]
[EventType "swiss"]
[EventRounds "9"]
[EventCountry "CAN"]

1. e4 c5 2. Nf3 d6 3. d4 cxd4 4. Nxd4 Nf6 5. Nc3 Nc6 6. Bg5 e6 7. Qd2 a6 8.
O-O-O Bd7 9. f3 Be7 10. h4 h6 11. Be3 h5 12. Kb1 b5 13. Nxc6 Bxc6 14. Bd3 Rc8
15. Ne2 Nd7 16. g4 hxg4 17. fxg4 Nf6 18. Nd4 Bb7 19. Qg2 Nd7 20. g5 Ne5 21. h5
Qd7 22. Nf3 Nxf3 23. Qxf3 d5 24. Rhf1 f6 25. Qg4 e5 26. Qxd7+ Kxd7 27. exd5 Kc7
28. Be4 Rcd8 29. Bd2 Kb8 30. Ba5 Rd7 31. gxf6 gxf6 32. Rh1 Bd6 33. h6 Rf7 34.
Bf5 Bc8 35. Bxc8 Kxc8 36. Rdg1 Bc5 37. Rg6 Be3 38. b3 Bg5 39. c4 bxc4 40. bxc4
Rd7 41. Kc2 e4 42. Bb4 e3 43. d6 a5 44. Bxa5 Rxd6 45. h7 Re6 46. Rg8+ Re8 47.
Rxe8+ Rxe8 48. h8=Q Rxh8 49. Rxh8+ Kd7 50. Kd3 Ke6 51. Bb6 Bf4 52. Bxe3 Bc7 53.
a4 f5 54. Bd2 Kd6 55. Bf4+ 1-0

[Event "Scarborough CC ch Reserves op"]
[Site "Toronto CAN"]
[Date "2010.04.15"]
[Round "8"]
[White "Stewart, Frankie"]
[Black "Posaratnanathan, Roy"]
[Result "1-0"]
[WhiteElo "1766"]
[BlackElo "1701"]
[PlyCount "99"]
[EventDate "2010.02.25"]
[EventType "swiss"]
[EventRounds "9"]
[EventCountry "CAN"]

1. c4 Nf6 2. Nc3 e6 3. e4 e5 4. Nf3 d6 5. d4 exd4 6. Nxd4 Bd7 7. Be2 Nc6 8. Be3
Nxd4 9. Bxd4 Be7 10. O-O O-O 11. f4 Bc6 12. Qd3 Nd7 13. Rf3 Bf6 14. Rg3 Bxd4+
15. Qxd4 f6 16. Bg4 Qe7 17. Re1 f5 18. Nd5 Bxd5 19. Qxd5+ Qf7 20. Bxf5 Qxd5 21.
cxd5 Nf6 22. Be6+ Kh8 23. e5 dxe5 24. fxe5 Nh5 25. Rc3 Nf4 26. Rxc7 Nxe6 27.
dxe6 Rae8 28. e7 Rf7 29. Rxb7 Rfxe7 30. Rxe7 Rxe7 31. e6 g6 32. g4 Kg7 33. g5
Kf8 34. Kf2 Rb7 35. Re2 Ke7 36. Kf3 Rb4 37. a3 Rb3+ 38. Ke4 Kxe6 39. Kd4+ Kd7
40. Kc4 Rh3 41. Kd5 Rh5 42. Rg2 h6 43. Ke5 Ke7 44. Kf4 hxg5+ 45. Kg4 a5 46. h3
Rh4+ 47. Kg3 Rf4 48. Rf2 Rf6 49. Rf3 Rd6 50. Rc3 1-0

[Event "Scarborough CC ch Reserves op"]
[Site "Toronto CAN"]
[Date "2010.04.15"]
[Round "8"]
[White "Super, Russell"]
[Black "Bellomo, Joe"]
[Result "0-1"]
[WhiteElo "1449"]
[BlackElo "1778"]
[PlyCount "58"]
[EventDate "2010.02.25"]
[EventType "swiss"]
[EventRounds "9"]
[EventCountry "CAN"]

1. c4 e5 2. e3 Nf6 3. d4 exd4 4. exd4 d5 5. c5 Nc6 6. Nf3 Be7 7. Be2 O-O 8. O-O
b6 9. cxb6 axb6 10. Nc3 Bb7 11. a3 Na5 12. b3 Re8 13. Bb2 h6 14. Qc2 Bd6 15.
Rfe1 c6 16. Bd3 Nh5 17. Rxe8+ Qxe8 18. Re1 Qd7 19. g3 Nf6 20. Bf1 Re8 21. Rxe8+
Qxe8 22. Nd1 Bc8 23. Ne3 Qe4 24. Nd2 Qe8 25. Bg2 Nb7 26. Nf3 Nd8 27. Nh4 Ng4
28. Nef5 Qe1+ 29. Bf1 Ba6 0-1

[Event "Scarborough CC ch Reserves op"]
[Site "Toronto CAN"]
[Date "2010.04.15"]
[Round "8"]
[White "Ward, Dean"]
[Black "Ugodnikov, Arkadiy"]
[Result "1-0"]
[WhiteElo "1806"]
[BlackElo "1785"]
[PlyCount "61"]
[EventDate "2010.02.25"]
[EventType "swiss"]
[EventRounds "9"]
[EventCountry "CAN"]

1. d4 Nf6 2. c4 c5 3. a3 cxd4 4. Qxd4 Nc6 5. Qh4 g6 6. Nf3 h5 7. Nc3 d5 8. Bf4
a6 9. cxd5 Na5 10. Be5 Bg7 11. b4 Nb3 12. Rb1 Na5 13. bxa5 Qxa5 14. Qb4 Qd8 15.
e4 O-O 16. Be2 b5 17. O-O Ng4 18. Bxg7 Kxg7 19. h3 Nf6 20. Nd4 Bd7 21. e5 Ng8
22. Bf3 Rc8 23. Rfe1 Rc4 24. Qb2 Rxd4 25. Ne2 Rc4 26. e6+ Nf6 27. exd7 Qxd7 28.
Nc3 Kh7 29. Ne4 Nxd5 30. Rbd1 Qf5 31. Rxd5 1-0

[Event "Scarborough CC ch Reserves op"]
[Site "Toronto CAN"]
[Date "2010.04.22"]
[Round "9"]
[White "Bellissimo, Joseph"]
[Black "Zhou, Kevin"]
[Result "1-0"]
[WhiteElo "1726"]
[BlackElo "1919"]
[PlyCount "77"]
[EventDate "2010.02.25"]
[EventType "swiss"]
[EventRounds "9"]
[EventCountry "CAN"]

1. e4 e5 2. Nf3 Nc6 3. Bc4 Bc5 4. Nc3 Nf6 5. d3 d6 6. Be3 Be6 7. Bxe6 fxe6 8.
Bxc5 dxc5 9. Ng5 Qe7 10. O-O O-O 11. Qd2 Rad8 12. Rae1 c4 13. Nb5 h6 14. Nf3
cxd3 15. cxd3 a6 16. Nc3 Qd6 17. Rd1 Nb4 18. d4 exd4 19. Qxd4 Qxd4 20. Rxd4 c5
21. Rdd1 Nc6 22. h3 b5 23. e5 Nd5 24. Ne4 c4 25. Nc5 Nc7 26. Kh1 Kf7 27. Rd6
Nb4 28. Rfd1 Nbd5 29. Rc6 Ra8 30. Rxc7+ Nxc7 31. Rd7+ Kg6 32. Rxc7 Rfc8 33.
Nxe6 Rxc7 34. Nxc7 Ra7 35. Nd5 Rd7 36. Ne3 Kf7 37. Nf5 Ke6 38. N5d4+ Kd5 39.
Nc2 1-0

[Event "Scarborough CC ch Reserves op"]
[Site "Toronto CAN"]
[Date "2010.04.22"]
[Round "9"]
[White "Bellomo, Joe"]
[Black "Azmitia, Gabriel"]
[Result "1-0"]
[WhiteElo "1778"]
[BlackElo "1575"]
[PlyCount "79"]
[EventDate "2010.02.25"]
[EventType "swiss"]
[EventRounds "9"]
[EventCountry "CAN"]

1. e4 c5 2. Nf3 d6 3. d4 cxd4 4. Nxd4 Nf6 5. Nc3 a6 6. Be2 e5 7. Nb3 b5 8. a3
Nbd7 9. O-O Bb7 10. Bf3 Be7 11. Be3 Rc8 12. Qe2 O-O 13. Rfd1 Nb6 14. Nc5 Qc7
15. Nxb7 Qxb7 16. Bc1 Rfd8 17. Rd3 Nfd7 18. Bg4 Rc7 19. Bxd7 Rdxd7 20. Qh5 g6
21. Qg4 h5 22. Qe2 Kh7 23. g4 h4 24. f4 Bf8 25. f5 f6 26. fxg6+ Kxg6 27. Qf2
Bg7 28. Qf5+ Kf7 29. g5 Kg8 30. g6 Re7 31. Rxd6 Rcd7 32. Re6 a5 33. Be3 Nc4 34.
Bc5 Ne3 35. Bxe3 Qc7 36. Rxe7 Rxe7 37. Nd5 Qb7 38. Nxe7+ Qxe7 39. Rd1 Bf8 40.
Rd7 1-0

[Event "Scarborough CC ch Reserves op"]
[Site "Toronto CAN"]
[Date "2010.04.22"]
[Round "9"]
[White "Farrant-Diaz, Nathan"]
[Black "Super, Russell"]
[Result "1-0"]
[WhiteElo "1698"]
[BlackElo "1449"]
[PlyCount "69"]
[EventDate "2010.02.25"]
[EventType "swiss"]
[EventRounds "9"]
[EventCountry "CAN"]

1. e4 c5 2. Nf3 Nc6 3. d4 cxd4 4. Nxd4 Nf6 5. Nc3 g6 6. Be2 Bg7 7. O-O O-O 8.
f4 d6 9. Be3 Bd7 10. h3 a6 11. Qd2 Rc8 12. a3 Qc7 13. f5 Ne5 14. Bg5 Nc4 15.
Bxc4 Qxc4 16. Bxf6 Bxf6 17. Nde2 Qc5+ 18. Kh1 gxf5 19. Rac1 Rce8 20. exf5 Bg7
21. b4 Qe5 22. Qd5 Bc6 23. Qxe5 Bxe5 24. Rcd1 b5 25. Nd5 Rc8 26. Nxe7+ Kh8 27.
Nxc8 Rxc8 28. f6 Rg8 29. Rf2 Rg6 30. Rdf1 Bb2 31. c3 a5 32. Nd4 Bxg2+ 33. Rxg2
Bxc3 34. Rxg6 hxg6 35. Nxb5 1-0

[Event "Scarborough CC ch Reserves op"]
[Site "Toronto CAN"]
[Date "2010.04.22"]
[Round "9"]
[White "Gillis, Doug"]
[Black "Cale, Ferdinand"]
[Result "0-1"]
[WhiteElo "1611"]
[BlackElo "1626"]
[PlyCount "59"]
[EventDate "2010.02.25"]
[EventType "swiss"]
[EventRounds "9"]
[EventCountry "CAN"]

1. d4 d5 2. Nc3 c6 3. e4 e6 4. Nf3 Bb4 5. exd5 Bxc3+ 6. bxc3 cxd5 7. Bb5+ Bd7
8. Qd3 a6 9. Bxd7+ Nxd7 10. O-O Ne7 11. Rb1 b5 12. Re1 O-O 13. Bg5 Re8 14. Bh4
h6 15. Ne5 Nxe5 16. Rxe5 Qc7 17. Bg3 Qc6 18. f4 Nf5 19. Bf2 Nd6 20. Qh3 Ne4 21.
Be1 Rac8 22. Rb3 a5 23. Rxe4 dxe4 24. c4 Qxc4 25. Rg3 Qxd4+ 26. Kf1 Kf8 27. Bc3
Qd1+ 28. Be1 Rxc2 29. Qg4 Qxg4 30. Rxg4 0-1

[Event "Scarborough CC ch Reserves op"]
[Site "Toronto CAN"]
[Date "2010.04.22"]
[Round "9"]
[White "Graham, John"]
[Black "Mesiti, Silvano"]
[Result "1/2-1/2"]
[WhiteElo "1448"]
[BlackElo "1735"]
[PlyCount "105"]
[EventDate "2010.02.25"]
[EventType "swiss"]
[EventRounds "9"]
[EventCountry "CAN"]

1. c4 e5 2. a3 Nf6 3. Nc3 Nc6 4. Nf3 Bc5 5. e3 O-O 6. Qc2 Re8 7. Be2 e4 8. Ng5
d5 9. cxd5 Nxd5 10. Ngxe4 Nxc3 11. Nxc3 Bb6 12. O-O a6 13. b4 Qg5 14. Kh1 Bf5
15. Bd3 Bxd3 16. Qxd3 Rad8 17. Qc2 Qg4 18. d4 Ne7 19. h3 Qh5 20. Bb2 c6 21. Na4
Ba7 22. Nc5 Bxc5 23. bxc5 Nd5 24. Bc3 Re6 25. Ba5 Rd7 26. Rab1 g5 27. Rb3 Nf6
28. f3 Nd5 29. Qf2 Rde7 30. Bd2 Rd7 31. Qg3 Ree7 32. e4 f6 33. exd5 Rxd5 34.
Qb8+ Kf7 35. Rxb7 Rdd7 36. Rxd7 Rxd7 37. Qb3+ Kg7 38. Qe3 Qh4 39. Bc3 Qg3 40.
Qe4 Qc7 41. Qf5 Rd5 42. Qe6 Kg6 43. Re1 Qb7 44. Qe4+ Kh6 45. Bb4 Qd7 46. Qe8
Qf5 47. Qxc6 Rxd4 48. Qxa6 Rh4 49. Qf1 Qd5 50. Rd1 Qf5 51. c6 Rc4 52. Rd6 Rc2
53. Rd8 1/2-1/2

[Event "Scarborough CC ch Reserves op"]
[Site "Toronto CAN"]
[Date "2010.04.22"]
[Round "9"]
[White "Huston, Scott"]
[Black "Armstrong, Robert J"]
[Result "0-1"]
[WhiteElo "1630"]
[BlackElo "1712"]
[PlyCount "46"]
[EventDate "2010.02.25"]
[EventType "swiss"]
[EventRounds "9"]
[EventCountry "CAN"]

1. d4 g6 2. c4 Bg7 3. Nf3 Nf6 4. e3 O-O 5. Nc3 d6 6. Bd3 Nc6 7. O-O e5 8. d5
Ne7 9. e4 Nd7 10. Bg5 h6 11. Be3 f5 12. Qc2 f4 13. Bd2 g5 14. h4 g4 15. Nh2 h5
16. g3 Ng6 17. gxf4 Nxf4 18. Bxf4 exf4 19. e5 f3 20. e6 Qxh4 21. Kh1 Be5 22.
Bh7+ Kh8 23. exd7 Qxh2# 0-1

[Event "Scarborough CC ch Reserves op"]
[Site "Toronto CAN"]
[Date "2010.04.22"]
[Round "9"]
[White "Luiting, Larry"]
[Black "Radpey, Abdolreza"]
[Result "0-1"]
[WhiteElo "1702"]
[BlackElo "1666"]
[PlyCount "54"]
[EventDate "2010.02.25"]
[EventType "swiss"]
[EventRounds "9"]
[EventCountry "CAN"]

1. e4 e6 2. d4 d5 3. exd5 exd5 4. c4 Nf6 5. Nf3 Bb4+ 6. Bd2 Bxd2+ 7. Nbxd2 O-O
8. Be2 Re8 9. O-O Bg4 10. h3 Bh5 11. Re1 Nc6 12. Qb3 Na5 13. Qc3 Nc6 14. b3 a5
15. Rad1 Ne4 16. Nxe4 dxe4 17. Ne5 Bxe2 18. Nxc6 bxc6 19. Rxe2 Qg5 20. Re3 Re7
21. d5 f5 22. dxc6 f4 23. Ree1 Rae8 24. Rd5 Qg6 25. Kh2 e3 26. Kg1 exf2+ 27.
Kxf2 Rxe1 0-1